Redfern Riots - Statistics

General Stats
  • This quiz has been taken 21 times
  • The average score is 5 of 10
Answer Stats
Hint Answer % Correct
...and how old were they when this event occurred? 17
100%
In what state did this event (and the subsequent riots) occur? New South Wales
86%
In what year did the protests take place? 2004
57%
Who was the PM who publicly apologized to Aboriginal people? Kevin Rudd
57%
What was name of the victim who became impaled on a fence? TJ Hickey
57%
What explosive cocktails were used against police in the protests? Molotov cocktails
43%
...and in what year were they fined this money? 2007
29%
How much money was the state police fined? $100,000
14%
How many police officers were injured in the riots? 50
14%
What was the name of the 2013 movie inspired by the Redfern Riots? Around the Block
0%
No matching quizzes found
Score Distribution
Percent of People with Each Score
Percentile by Number Answered
Your Score History
You have not taken this quiz